Interpreting the Old Testament in Africa /
সংরক্ষণ করুন:
| প্রধান লেখক: | |
|---|---|
| বিন্যাস: | গ্রন্থ |
| ভাষা: | ইংরেজি |
| প্রকাশিত: |
Nairobi :
Action Publishers,
2001.
|
| বিষয়গুলি: | |
| ট্যাগগুলো: |
কোনো ট্যাগ নেই, প্রথমজন হিসাবে ট্যাগ করুন!
|
MARC
| LEADER | 00000cam a22000002a 4500 | ||
|---|---|---|---|
| 001 | 0000001215 | ||
| 005 | 20200201020006.0 | ||
| 008 | 030703s2001 xx 001 0 eng d | ||
| 020 | |a 996688839x | ||
| 035 | |a (DAYSTAR)0000014822 | ||
| 040 | |a Daystar | ||
| 040 | |d Gmuthoni | ||
| 100 | 1 | |a Getui, Mary N. | |
| 245 | 1 | 0 | |a Interpreting the Old Testament in Africa / |c Mary N. Getui. |
| 260 | |a Nairobi : |b Action Publishers, |c 2001. | ||
| 300 | |a 239 p. | ||
| 650 | 0 | |a Theologians |x Africa. | |
| 908 | |a 110119 | ||
| 942 | |c TBL |0 2 | ||
| 952 | |0 0 |1 0 |4 0 |6 BR_1360_000000000000000_Q47 |7 0 |9 107478 |a DUN |b DUN |c TBL |d 2017-09-28 |g 13202.00 |l 2 |m 1 |o TBL BR1360.Q47 |p BK057291 |r 2020-05-22 00:00:00 |s 2020-01-31 |w 2017-09-28 |y TBL | ||
| 952 | |0 0 |1 0 |4 0 |6 BR_1360_000000000000000_Q47 |7 0 |9 107479 |a DUN |b DUN |c TBL |d 2017-09-28 |g 13420.00 |l 0 |o TBL BR1360.Q47 |p BK057292 |r 2017-09-28 00:00:00 |w 2017-09-28 |y TBL | ||
| 999 | |c 42890 |d 42890 | ||